| 000 | 00433nam a2200157Ia 4500 | ||
|---|---|---|---|
| 008 | 230524s9999 xx 000 0 und d | ||
| 020 | _a9780199204472 | ||
| 082 |
_a338.9 _bTAY |
||
| 100 | _aMonir H.Tayeb | ||
| 245 | 0 | _aInternational Human Resource Management: A Multinational Company Perspective | |
| 260 |
_aNEW YORK _bOxford _c2010 |
||
| 300 | _aXVI;241 | ||
| 500 | _aQuantity Number: 5 | ||
| 650 | _aManagement | ||
| 942 | _cBK | ||
| 999 |
_c49158 _d49158 |
||